000 00408nmm a2200145Ia 4500
008 251105s9999||||xx |||||||||||||||||und||
041 _aspa
100 _aFernández-Vidal, Sonia
245 0 _aQuantic love
264 _a[Madrid, España] :
_bLa Galera,
_c2015
300 _a240 páginas
650 _aTeen & Young Adult Fiction
856 _uhttps://public.digitaliapublishing.com/a/50608
942 _cCF
999 _c105725
_d105725